| 000 | nam a22 a 4500 | ||
|---|---|---|---|
| 999 |
_c473036 _d473036 |
||
| 003 | BLK | ||
| 005 | 20220909160317.0 | ||
| 008 | 220909b bu |||||r|||| 00| | bu d | ||
| 020 | _a9789544749293 | ||
| 040 | _aBLK | ||
| 041 |
_aBUL _cBUL |
||
| 080 |
_aРазвитие на личността. Самосъзнание _b159.923.2 _z159.923.2 |
||
| 100 |
_9480586 _aЦунайте, Илона |
||
| 139 | _aЦунайте, Илона | ||
| 245 |
_aНеограничена свобода _bосвобождение от робията на Аза _cИлона Цунайте ; послесл. Елена Нежински ; прев. от англ. Гаяне Минасян |
||
| 260 |
_9209528 _aСофия _bКибеа _c2022 _f([София] : Инвестпрес) _n978-954-474- |
||
| 300 |
_a328 с. _c20 см |
||
| 380 | _a1 | ||
| 490 |
_9201222 _aСерия Познай себе си |
||
| 500 | _aОриг. загл.: Liberation unleashed / Ilona Ciunaite. - Авторът: с. 2. - Отзиви: с. 4-5 | ||
| 650 | 0 |
_9243160 _aЛичност - психология |
|
| 650 | 7 |
_9170201 _aСамоусъвършенстване |
|
| 700 |
_9958 _aНежински, Елена _eпослесл. |
||
| 700 |
_91021 _aМинасян, Гаяне Гарабед _eпрев. от англ. |
||
| 852 |
_aЦб 314296 _bЦб |
||
| 942 |
_cKNG _n0 _s1 |
||
| 944 |
_aCR _c2022-09-09 _kВП |
||